| 000 | 00399nam a22001577a 4500 | ||
|---|---|---|---|
| 003 | SGT | ||
| 020 | _a13: 9780761994725 | ||
| 082 |
_a302.2 _bI15S |
||
| 100 | _aSINGHAL, ARVIND | ||
| 245 | _aINDIA'S COMMUNICATION REVOLUTION | ||
| 250 | _a14TH | ||
| 260 |
_aNEW DELHI _bSAGE PUBLICATION INDIA _c2015 |
||
| 650 | _aMASS COMMUNICATION | ||
| 653 | _aINDIA'S COMMUNICATION REVOLUTION | ||
| 942 |
_2ddc _cBK |
||
| 999 |
_c12800 _d12800 |
||